Statistics for Mortal Kombat Weapons

Click here to take the quiz!

General Stats

  • This quiz has been taken 279 times
    (271 since last reset)
  • The average score is 31 of 51

Answer Stats

HintAnswer% Correct
IceSub-Zero
95%
SpearScorpion
93%
AcidReptile
92%
FansKitana
91%
HatKung Lao
90%
Dragon FireLiu Kang
90%
ElectricityRaiden
86%
Tarkatan BladesBaraka
85%
KnivesKano
85%
SaisMileena
85%
WaterRain
85%
Energy RingsSonya
84%
Smoke CloudSmoke
83%
Ice (Female)Frost
81%
ScreamSindel
80%
Green BoltJohnny Cage
78%
Razor-RangJade
77%
Flaming SkullsShang Tsung
76%
Energy WaveJax
75%
Spirit ArrowNightwolf
74%
BuzzsawCyrax
73%
Green SkullsQuan Chi
72%
MissilesSektor
72%
Green BeamErmac
71%
BlackholeNoob Saibot
69%
BloodSkarlet
68%
TelekinesisKenshi
67%
VomitBo' Rai Cho
64%
GunStryker
62%
Green FireballGoro
61%
Gas BlastKabal
60%
WindFujin
58%
Wrath HammerShao Khan
51%
Fire BreathKintaro
47%
FireballsSheeva
45%
TailMotaro
37%
Tricky PortalShinnok
36%
Ice BladeCyber Sub-Zero
35%
Ninjas' MovesChameleon
32%
Female Ninjas' MovesKhameleon
32%
CleaverMeat
31%
Flame BallBlaze
28%
Chest LaserHsu Hao
28%
Iron ClubDrahmin
27%
ShurikensReiko
26%
Clawed GlovesFreddy Krueger
25%
Blades of ExileKratos
25%
Purple Nova BlastLi Mei
23%
Elastic WhipMavado
20%
OrbMoloch
20%
Star-shaped bladeJarek
16%

Score Distribution

Percentile by Number Answered

Percent of People with Each Score

Your Score History

You have not taken this quiz since the last reset